000 00761nam a2200265Ia 4500
003 OSt
005 20220918202230.0
006 a|||||r|||| 00| 0
007 ta
008 220917b |||||||| |||| 00| 0 eng d
024 _a99,693
037 _cTextual
040 _aARTS
_cARTS
_beng
041 _2eng
_aeng
082 _aV2:71.N, N2
100 _aKhanna Amar Nath
_925632
245 0 _aArchaeology of India
_b Retrospect and prospect
250 _a2nd
260 _aNew Delhi
_bClarion Books
_c1981
300 _a280p.
_ccm.
500 _aGlossary p263--266; Bibliography p267--272; Appendices p240--262; Includes Index
650 _aHISTORY
942 _hV2:71.N, N2
_cTEXL
_2CC
999 _c223266
_d223266